| 000 | 01491nam0a2200349 4500 | ||
|---|---|---|---|
| 001 | RU\NLR\bibl\737092 | ||
| 005 | 20250614001750.0 | ||
| 010 |
_a5-9557-0108-7 _94000 |
||
| 021 |
_aRU _b2004-58935 _92902 |
||
| 035 | _a(NLR Aleph) 000727008 | ||
| 090 |
_a738695 _c738695 |
||
| 100 | _a20050318d2004 |||y0rusy50 ca | ||
| 101 | 0 | _arus | |
| 102 | _aRU | ||
| 105 | _ay ||||||||| | ||
| 200 | 1 |
_aКонституционное право зарубежных стран _eучебное пособие _e[для студентов юридических вузов и факультетов] _fК. Д. Шестакова |
|
| 210 |
_aМосква _cРИОР _d2004 |
||
| 215 |
_a155, [1] с. _d17 |
||
| 225 | 1 | _aШпаргалка | |
| 300 | _aНа обл. авт. не указан | ||
| 320 | _aБиблиогр.: с. 151 (7 назв.) | ||
| 606 | 0 |
_aКонституционное право _jРуководства, пособия и т.п. _yЗарубежные страны _92096933 _3RU\NLR\auth\661268656 |
|
| 606 | 0 |
_aКонституционное право _jУчебные издания для высших учебных заведений _yЗарубежные страны _92096933 _3RU\NLR\auth\661268656 |
|
| 686 | _aХ80я73 | ||
| 700 | 1 |
_aШестакова _bК. Д. _4070 |
|
| 801 | 0 |
_aRU _bNLR _c20050318 _gPSBO |
|
| 801 | 1 |
_aRU _bNLR _c20050318 |
|
| 830 | _aАвт. не раскрыть | ||
| 942 | _cBOOK | ||
| 980 | _aNB | ||